000 00544nam a2200241Ia 4500
003 IT-RoPAU
008 120407s9999 xx 000 0 und d
040 _aIT-RoPAU
040 _cIT-RoPAU
041 _aita
100 _aDionigi Carli
245 _aViaggio nel Regno del Congo
250 _aCinisello Balsamo
260 _aEdizioni Paoline
260 _c1997
300 _a306 p.
300 _c22 cm
490 _aIl fascino dell’ignoto, 15
490 _v1
700 _aMichelangelo Guattini
942 _cBK
999 _c32078
_d32078